| 000 | 00539nam a2200181Ia 4500 | ||
|---|---|---|---|
| 008 | 090201s9999 xx 000 0 und d | ||
| 010 | _aKPL-66374 | ||
| 040 | _bमराठी | ||
| 041 | _aमराठी | ||
| 082 |
_a42547 _b66374 |
||
| 100 | _aमुक्ता केणेकर | ||
| 245 |
_aरसशिल्प _cमुक्ता केणेकर |
||
| 250 | _a1 | ||
| 260 |
_c2005 _bअश्वमेघ प्रकाशन |
||
| 300 |
_a158 _bमोठा |
||
| 600 | _aरसशिल्प | ||
| 942 | _cBOOK | ||
| 999 |
_c239648 _d239648 |
||